[Event "Flint (Beg/3)"]
[Site "?"]
[Date "1993.??.??"]
[Round "?"]
[White "Foote, Greg"]
[Black "McCormick, K."]
[Result "0-1"]
[WhiteElo "1605"]
[BlackElo "1605"]
[PlyCount "112"]
[EventDate "1993.??.??"]

1. e4 e5 2. Nf3 Nc6 3. Bb5 Nf6 4. Qe2 b6 5. O-O Bb7 6. d3 g6 7. Rd1 a6 8. Bxc6
Bxc6 9. Nxe5 Bb7 10. Bg5 h5 11. Qf3 Be7 12. Nc3 b5 13. Nd5 Bxd5 14. exd5 Rh7
15. Re1 Ng8 16. Bxe7 Nxe7 17. Re3 a5 18. Rae1 Rg7 19. Qf6 Kf8 20. Nxd7+ Qxd7
21. Rxe7 Qxd5 22. Rxc7 Qxa2 23. Qe7+ Kg8 24. Rd7 Qxb2 25. Rd8+ Rxd8 26. Qxd8+
Kh7 27. h3 a4 28. d4 Rg8 29. Qf6 a3 30. Qxf7+ Rg7 31. Qb3 Qxb3 32. cxb3 a2 33.
d5 Ra7 34. Ra1 Kg7 35. Kf1 Kf7 36. Ke1 Ke7 37. Kd2 Kd6 38. Kc2 Kxd5 39. Kb2 Kd4
40. Rxa2 Rxa2+ 41. Kxa2 b4 42. Kb2 Kd3 43. g3 Ke4 44. Kc2 Kf3 45. Kd3 Kxf2 46.
g4 h4 47. Kc4 Kg3 48. Kxb4 Kxh3 49. Kc5 Kxg4 50. b4 h3 51. b5 h2 52. b6 h1=Q
53. Kd6 Kh3 54. Kc7 g5 55. b7 Qxb7+ 56. Kxb7 g4 0-1

[Event "Flint (Beg/1)"]
[Site "?"]
[Date "1993.??.??"]
[Round "?"]
[White "Foote, Greg"]
[Black "Gaiefsky, D."]
[Result "1-0"]
[WhiteElo "1605"]
[BlackElo "1605"]
[PlyCount "69"]
[EventDate "1993.??.??"]

1. e4 e5 2. Nf3 Nc6 3. Bb5 a6 4. Ba4 Bb4 5. c3 Be7 6. O-O b5 7. Bb3 Nf6 8. Re1
d6 9. d4 Bg4 10. h3 Bxf3 11. Qxf3 O-O 12. Be3 a5 13. Nd2 a4 14. Bc2 d5 15. Qg3
Nh5 16. Qg4 Nf6 17. Qf5 b4 18. dxe5 g6 19. Qf3 Nxe5 20. Qf4 Bd6 21. Qh6 dxe4
22. Bg5 Qe7 23. Nxe4 Ned7 24. Nxf6+ Nxf6 25. Rxe7 Bxe7 26. Re1 Bd8 27. cxb4 a3
28. bxa3 Rxa3 29. Bb3 c6 30. Bc1 Ra6 31. Bb2 Rb6 32. Qf4 Rb7 33. Bxf6 Bc7 34.
Qh6 Bd6 35. Qg7# 1-0

[Event "East Lansing (MOR/1a/9)"]
[Site "?"]
[Date "1993.??.??"]
[Round "?"]
[White "Foote, Greg"]
[Black "Falkowski, Kenneth"]
[Result "1-0"]
[WhiteElo "1605"]
[BlackElo "1700"]
[PlyCount "71"]
[EventDate "1993.??.??"]

1. e4 d6 2. d4 Nf6 3. Nc3 c6 4. g3 Bg4 5. Nge2 Nbd7 6. Bg2 e5 7. Bg5 Be7 8. Qd2
O-O 9. f3 Bh5 10. O-O-O b5 11. g4 Bg6 12. h4 Ne8 13. Bxe7 Qxe7 14. h5 Bxe4 15.
Nxe4 Nb6 16. dxe5 d5 17. Qg5 Qb4 18. Nf6+ Kh8 19. Nxe8 Raxe8 20. h6 Rg8 21. a3
Qc4 22. Nc3 b4 23. axb4 Qxb4 24. Bf1 Rb8 25. Na2 Qa5 26. Kb1 Na4 27. b3 Nc5 28.
Qe3 Qa3 29. Qc1 Qa5 30. Bd3 Nxb3 31. cxb3 Rxb3+ 32. Ka1 Rgb8 33. hxg7+ Kxg7 34.
Qh6+ Kg8 35. Bxh7+ Kh8 36. Qf6# 1-0

[Event "Lansing (MI Am/4)"]
[Site "?"]
[Date "1993.??.??"]
[Round "?"]
[White "Foote, Greg"]
[Black "Estlick, Laurence"]
[Result "0-1"]
[WhiteElo "1605"]
[BlackElo "1700"]
[PlyCount "79"]
[EventDate "1993.??.??"]

1. e4 e6 2. d4 d5 3. Nc3 Nf6 4. Bg5 Be7 5. e5 Nfd7 6. h4 a6 7. Qg4 Kf8 8. Be3
c5 9. Nf3 Nc6 10. O-O-O cxd4 11. Bxd4 Nxd4 12. Rxd4 Bc5 13. Rd2 Qc7 14. Qf4 h6
15. Bd3 b5 16. g4 f6 17. Bg6 Nxe5 18. Nxe5 Qxe5 19. Qxe5 fxe5 20. Re2 e4 21.
Nxe4 dxe4 22. Rxe4 Bb7 23. Rf4+ Kg8 24. Bf7+ Kh7 25. g5 Rhf8 26. g6+ Kh8 27.
Rd1 Bd5 28. b3 Rad8 29. Kb2 Bd6 30. Rg4 Bf3 31. Rdg1 Bxg4 32. Rxg4 b4 33. c3 a5
34. c4 Be5+ 35. Kc2 Bc3 36. f4 Rd2+ 37. Kb1 Rfd8 38. Rg1 Rb2+ 39. Kc1 Rxa2 40.
Kb1 0-1

[Event "East Lansing (MOR/6/22)"]
[Site "?"]
[Date "1993.??.??"]
[Round "?"]
[White "Foote, Greg"]
[Black "Davis, Michael"]
[Result "1/2-1/2"]
[WhiteElo "1605"]
[BlackElo "1605"]
[PlyCount "63"]
[EventDate "1993.??.??"]

{6/(22)} 1. e4 c5 2. Nf3 d6 3. d4 cxd4 4. Nxd4 Nf6 5. Nc3 a6 6. Bg5 e6 7. Qd2
Nbd7 8. O-O-O Qc7 9. f3 h6 10. Be3 Rb8 11. h4 Nc5 12. g4 Be7 13. Be2 Bd7 14. g5
Ng8 15. Rdg1 Bf8 16. f4 b5 17. Bf3 b4 18. Nd1 b3 19. axb3 e5 20. Kb1 exd4 21.
Bxd4 Ne6 22. Bc3 Bc6 23. f5 Nc5 24. gxh6 Nxh6 25. Qe3 f6 26. Qd4 Nd7 27. Ne3
Ne5 28. Be2 Qb7 29. Nd5 Bxd5 30. exd5 Ra8 31. Bh5+ Ke7 32. Qe4 1/2-1/2

[Event "East Lansing (MOR/2/20)"]
[Site "?"]
[Date "1993.??.??"]
[Round "?"]
[White "Foote, Greg"]
[Black "Choyke, J."]
[Result "0-1"]
[WhiteElo "1605"]
[BlackElo "1660"]
[PlyCount "79"]
[EventDate "1993.??.??"]

{2/(20)} 1. e4 Nc6 2. Nf3 d6 3. Bb5 Nf6 4. Qe2 Bg4 5. h3 Bd7 6. c3 a6 7. Ba4 b5
8. Bc2 e5 9. O-O Rb8 10. d4 h6 11. d5 Ne7 12. Re1 Ng6 13. b4 Be7 14. a4 Qc8 15.
Bd3 Qb7 16. Be3 O-O 17. Nbd2 Nh7 18. axb5 axb5 19. Ra7 Qc8 20. Rea1 Nf4 21.
Bxf4 exf4 22. R1a5 Bf6 23. Nd4 Bxd4 24. cxd4 c6 25. dxc6 Bxc6 26. Bxb5 Bxb5 27.
Rxb5 Qc1+ 28. Nf1 Rxb5 29. Qxb5 Ng5 30. Qd5 f3 31. Ra8 Qf4 32. Rxf8+ Kxf8 33.
e5 fxg2 34. Qxd6+ Kg8 35. Kxg2 Qf3+ 36. Kg1 Nxh3+ 37. Kh2 Nf4 38. Qd8+ Kh7 39.
Ne3 Qh3+ 40. Kg1 0-1

[Event "Lansing (MI Am/2)"]
[Site "?"]
[Date "1993.??.??"]
[Round "?"]
[White "Foote, Greg"]
[Black "Beydoun, M."]
[Result "1-0"]
[WhiteElo "1605"]
[BlackElo "1605"]
[PlyCount "33"]
[EventDate "1993.??.??"]

1. e4 c5 2. Nf3 d6 3. d4 cxd4 4. Nxd4 Nf6 5. Nc3 a6 6. Bc4 e6 7. Bg5 Be7 8. Qd2
O-O 9. O-O-O Qc7 10. Bb3 Nbd7 11. h4 Nc5 12. f3 h6 13. Bxh6 gxh6 14. Qxh6 Re8
15. Rh3 Nxb3+ 16. Nxb3 Nh7 17. Rg3+ 1-0

[Event "East Lansing (MI Op/5/20)"]
[Site "?"]
[Date "1993.??.??"]
[Round "?"]
[White "Foote, F."]
[Black "Williams, Ron"]
[Result "1-0"]
[WhiteElo "2025"]
[BlackElo "1880"]
[PlyCount "81"]
[EventDate "1993.??.??"]

{5/(20)} 1. d4 Nf6 2. c4 Nc6 3. d5 Ne5 4. e4 d6 5. Nc3 e6 6. f4 Ng6 7. Bd3 exd5
8. cxd5 Bg4 9. Nge2 Nd7 10. O-O Be7 11. Be3 O-O 12. h3 Bxe2 13. Qxe2 a6 14. g3
b5 15. a3 Rc8 16. Rae1 Bf6 17. Qf2 Re8 18. Na2 Nb8 19. Bd4 c5 20. dxc6 Nxc6 21.
Bxf6 Qxf6 22. Nc3 Nce7 23. Kh2 Rc5 24. e5 Nxe5 25. fxe5 Qxf2+ 26. Rxf2 dxe5 27.
Rd1 f6 28. Be4 Rec8 29. g4 a5 30. g5 Kf7 31. gxf6 gxf6 32. Rd6 f5 33. Bxf5 Nxf5
34. Rxf5+ Kg7 35. Kg3 b4 36. axb4 axb4 37. Ne4 Rc4 38. Rd7+ Kh8 39. Nd6 R4c7
40. Rxc7 Rxc7 41. Rf8+ 1-0

[Event "East Lansing (MI Op/3/20)"]
[Site "?"]
[Date "1993.??.??"]
[Round "?"]
[White "Foote, F."]
[Black "Smith, Mike A"]
[Result "1-0"]
[WhiteElo "2025"]
[BlackElo "1920"]
[PlyCount "49"]
[EventDate "1993.??.??"]

{3/(20)} 1. d4 Nf6 2. c4 c5 3. d5 b5 4. e3 g6 5. b3 Bg7 6. Bb2 b4 7. Nd2 d6 8.
Ngf3 O-O 9. Bd3 Bg4 10. h3 Bxf3 11. Nxf3 Nbd7 12. O-O a5 13. e4 Nb6 14. e5 Nfd7
15. Qe2 a4 16. e6 Nf6 17. Rae1 axb3 18. exf7+ Rxf7 19. axb3 Ra2 20. Ng5 Rf8 21.
Ne6 Qd7 22. Nxg7 Kxg7 23. Bxf6+ Rxf6 24. Qxa2 g5 25. Qe2 1-0

[Event "East Lansing (MI Op/7/18)"]
[Site "?"]
[Date "1993.??.??"]
[Round "?"]
[White "Foote, F."]
[Black "Skidmore, Mike"]
[Result "1-0"]
[WhiteElo "2025"]
[BlackElo "1930"]
[PlyCount "41"]
[EventDate "1993.??.??"]

{7/(18)} 1. Nf3 d5 2. g3 Nf6 3. Bg2 Nbd7 4. d4 c6 5. O-O e6 6. c4 Bd6 7. Nc3
O-O 8. e4 Nxe4 9. Nxe4 dxe4 10. Ng5 Nf6 11. Qe2 e5 12. dxe5 Bxe5 13. Nxe4 Nxe4
14. Bxe4 Re8 15. Re1 Bd7 16. Bxh7+ Kf8 17. Be3 g6 18. Bh6+ Bg7 19. Qd2 Rxe1+
20. Rxe1 Bf5 21. Qb4+ 1-0

[Event "East Lansing (MI Op/1b/16)"]
[Site "?"]
[Date "1993.??.??"]
[Round "?"]
[White "Foote, F."]
[Black "Kung, Fred"]
[Result "1-0"]
[WhiteElo "2020"]
[BlackElo "1815"]
[PlyCount "99"]
[EventDate "1993.??.??"]

1. d4 d5 2. c4 e6 3. Nc3 c5 4. cxd5 exd5 5. Nf3 Nc6 6. g3 Nf6 7. Bg2 Be7 8. O-O
O-O 9. dxc5 Bxc5 10. Bg5 d4 11. Ne4 Be7 12. Bxf6 Bxf6 13. Qd2 Bf5 14. Nxf6+
Qxf6 15. Rfd1 Rfe8 16. Nxd4 Nxd4 17. Qxd4 Qxd4 18. Rxd4 Rxe2 19. Bxb7 Rb8 20.
Rc1 g6 21. Bd5 Rbxb2 22. Rf4 Rec2 23. Rxc2 Rxc2 24. g4 Be6 25. Bxe6 fxe6 26.
Ra4 Rc7 27. Kg2 Kg7 28. g5 h6 29. h4 hxg5 30. hxg5 Kf8 31. Ra6 Ke7 32. f4 Kf7
33. Kf3 Rc3+ 34. Ke4 Rc4+ 35. Ke5 Rc5+ 36. Kd6 Rd5+ 37. Kc6 Rd4 38. Rxa7+ Kf8
39. a4 Rxf4 40. a5 Ra4 41. Kd6 e5 42. Kxe5 Ra1 43. Kf6 Rf1+ 44. Kxg6 Ra1 45. a6
Ra2 46. Ra8+ Ke7 47. Kg7 Rg2 48. g6 Ra2 49. a7 Ra1 50. Rf8 1-0

[Event "Lansing (MI Am/4)"]
[Site "?"]
[Date "1993.??.??"]
[Round "?"]
[White "Foote, F."]
[Black "June, Brian"]
[Result "1-0"]
[WhiteElo "1990"]
[BlackElo "1885"]
[PlyCount "81"]
[EventDate "1993.??.??"]

1. d4 Nf6 2. c4 g6 3. Nc3 Bg7 4. e4 d6 5. Nf3 O-O 6. Be2 Nbd7 7. O-O e5 8. Be3
exd4 9. Nxd4 Nc5 10. f3 Ne6 11. Qd2 Nh5 12. Rad1 Qh4 13. Nxe6 Be5 14. f4 Bxc3
15. Qxc3 Bxe6 16. f5 Bd7 17. Bh6 f6 18. Bxf8 Rxf8 19. fxg6 hxg6 20. c5 Nf4 21.
Bc4+ Kg7 22. Qg3 Qxg3 23. hxg3 Ne6 24. cxd6 cxd6 25. Rxd6 Nc5 26. b4 Nxe4 27.
Rxd7+ Kh6 28. Rxb7 Nd2 29. Rf4 Rc8 30. Bb3 Rc1+ 31. Kf2 a6 32. Rb6 f5 33. Rxa6
Nxb3 34. axb3 Rc2+ 35. Kg1 Rb2 36. Rf3 Kh5 37. b5 g5 38. b6 Rd2 39. b7 f4 40.
b8=Q Kg4 41. Qc8+ 1-0

[Event "Lansing (MI Am/2)"]
[Site "?"]
[Date "1993.??.??"]
[Round "?"]
[White "Foote, F."]
[Black "Estlick, Laurence"]
[Result "1-0"]
[WhiteElo "1990"]
[BlackElo "1700"]
[PlyCount "85"]
[EventDate "1993.??.??"]

1. Nf3 d5 2. c4 e6 3. g3 Nf6 4. Bg2 c6 5. O-O Be7 6. b3 Nbd7 7. Bb2 O-O 8. e3
b6 9. Nc3 Bb7 10. Rc1 Rc8 11. d4 c5 12. cxd5 Nxd5 13. Qd2 N7f6 14. Ne5 Ba6 15.
Rfd1 Nxc3 16. Bxc3 Nd5 17. Bb2 f6 18. Nf3 c4 19. e4 c3 20. Bxc3 Nxc3 21. Rxc3
Rxc3 22. Qxc3 Qc8 23. Qd2 Rd8 24. Bh3 Qc6 25. d5 exd5 26. exd5 Qc5 27. Be6+ Kf8
28. Rc1 Qd6 29. Qc2 g6 30. h4 Bb7 31. Rd1 Qc5 32. Qd2 Kg7 33. h5 Bd6 34. Kg2
Qb4 35. Qc1 Qe4 36. hxg6 hxg6 37. Rd4 Qe2 38. Rh4 g5 39. Nxg5 Bxg3 40. Kxg3
Qe5+ 41. f4 Qe2 42. Rh7+ Kf8 43. Qa3+ 1-0

[Event "Lansing (MI Am/5)"]
[Site "?"]
[Date "1993.??.??"]
[Round "?"]
[White "Foote, F."]
[Black "Chandler, P."]
[Result "1-0"]
[WhiteElo "1990"]
[BlackElo "1820"]
[PlyCount "113"]
[EventDate "1993.??.??"]

1. d4 d5 2. Nf3 e6 3. g3 Bd6 4. Bg2 Nf6 5. c4 c6 6. Nc3 O-O 7. O-O Nbd7 8. b3
b6 9. Bb2 Bb7 10. Rc1 Rc8 11. cxd5 exd5 12. Nh4 g6 13. e4 dxe4 14. Nxe4 Nxe4
15. Bxe4 Nf6 16. Bg2 Nd5 17. Re1 Re8 18. Nf3 f6 19. a3 Rc7 20. Qd3 Rce7 21.
Rxe7 Rxe7 22. Nd2 Kg7 23. Ne4 Bb8 24. Nc3 Qe8 25. Nxd5 cxd5 26. Bc3 Bd6 27. a4
Bc6 28. Bf1 Bd7 29. Qd2 Bf5 30. Bb4 Qd8 31. Bxd6 Qxd6 32. Qc3 Rd7 33. b4 Rd8
34. Ba6 h5 35. Qc7+ Qxc7 36. Rxc7+ Rd7 37. Rc3 Re7 38. f3 Kh6 39. Kf2 g5 40.
Rc6 Kg6 41. a5 bxa5 42. bxa5 g4 43. Rd6 Rd7 44. Rxd7 Bxd7 45. Bb7 Be6 46. f4
Kf5 47. Ke3 Bf7 48. Kd3 Ke6 49. Kc3 Kd6 50. Bc8 Kc6 51. Kb4 Be8 52. Be6 Kd6 53.
Bf5 Kc6 54. Bd3 Kd6 55. Bh7 Kc6 56. Bc2 Kd6 57. Bd3 1-0

[Event "Gaylord (NMO/5/13)"]
[Site "?"]
[Date "1993.??.??"]
[Round "?"]
[White "Foord, Larry"]
[Black "Smalec, John"]
[Result "0-1"]
[WhiteElo "1605"]
[BlackElo "1700"]
[PlyCount "96"]
[EventDate "1993.??.??"]

{5/(13)} 1. e4 e6 2. d4 d5 3. exd5 exd5 4. Nf3 Bd6 5. Bg5 f6 6. Be3 Ne7 7. Nbd2
Nf5 8. c4 c6 9. Qb3 Qe7 10. Be2 Nxe3 11. fxe3 Be6 12. O-O O-O 13. Rae1 Kh8 14.
Bd3 Na6 15. c5 Bb8 16. Rf2 g5 17. Qc2 Nb4 18. Qb1 Nxd3 19. Qxd3 g4 20. Nh4 g3
21. Rff1 gxh2+ 22. Kh1 Bg3 23. Ndf3 Bxe1 24. Rxe1 f5 25. g3 Rae8 26. Ne5 Qg5
27. Kxh2 Rf6 28. Nef3 Qg4 29. Ne5 Qe4 30. Qd2 Rh6 31. Rf1 Rxh4+ 32. gxh4 Qxh4+
33. Kg2 Rg8+ 34. Kf3 Rg3+ 35. Kf2 Rh3+ 36. Ke2 Rh2+ 37. Kd1 Rxd2+ 38. Kxd2 Qh2+
39. Kc3 Kg7 40. Nf3 Qe2 41. Rg1+ Kf6 42. Rg3 Qxe3+ 43. Kb4 f4 44. Rg2 Qxf3 45.
Rh2 h5 46. Rd2 h4 47. Rc2 h3 48. Rc3 Qxc3+ 0-1

[Event "Gaylord (NMO/2/17)"]
[Site "?"]
[Date "1993.??.??"]
[Round "?"]
[White "Foord, Larry"]
[Black "Laemers, J."]
[Result "1-0"]
[WhiteElo "1605"]
[BlackElo "1605"]
[PlyCount "49"]
[EventDate "1993.??.??"]

{2/(17)} 1. e4 d6 2. d4 Nf6 3. Nc3 g6 4. Nf3 Bg7 5. Bg5 O-O 6. Bc4 Nbd7 7. O-O
b6 8. e5 dxe5 9. dxe5 Ng4 10. Nd5 f6 11. exf6 exf6 12. Nxf6+ Kh8 13. Nxg4 Nf6
14. Qxd8 Rxd8 15. Bxf6 Bxg4 16. Bxd8 Bxb2 17. Rab1 Bxf3 18. Rxb2 Bxg2 19. Kxg2
Rxd8 20. Re1 Rd7 21. Rb3 Rd4 22. Rc3 c6 23. Rd3 Rxd3 24. Bxd3 b5 25. Re6 1-0

[Event "Gaylord (NMO/3/13)"]
[Site "?"]
[Date "1993.??.??"]
[Round "?"]
[White "Foord, Larry"]
[Black "Brown, Ralph"]
[Result "1-0"]
[WhiteElo "1605"]
[BlackElo "1745"]
[PlyCount "77"]
[EventDate "1993.??.??"]

{3/(13)} 1. e4 e5 2. Nf3 d6 3. Bc4 Qf6 4. d4 Qg6 5. O-O Bh3 6. Nh4 Qxe4 7. Nf3
Qg4 8. Nh4 Qxh4 9. gxh3 Qxh3 10. dxe5 dxe5 11. Qd5 Qg4+ 12. Kh1 Nd7 13. Qxf7+
Kd8 14. Be6 Qa4 15. Nc3 Qc6+ 16. Bd5 Qf6 17. Qxf6+ gxf6 18. Bxb7 Rb8 19. Bd5
Ne7 20. Bb3 Rb4 21. Rd1 c5 22. Be6 Rd4 23. Be3 Ng6 24. Bxd4 cxd4 25. Ne4 Nc5
26. Nxc5 Bxc5 27. a3 Re8 28. Bf5 Re7 29. b4 Nh4 30. Bh3 Bb6 31. c3 Nf3 32. Ra2
Rg7 33. Re2 Ke7 34. cxd4 Bxd4 35. Bg2 Nh4 36. Rxd4 Nxg2 37. f3 Ke6 38. Rde4 Rd7
39. Kxg2 1-0

[Event "Flint (MI Senior/2)"]
[Site "?"]
[Date "1993.??.??"]
[Round "?"]
[White "Foord, Allan"]
[Black "Waltz, Glenn"]
[Result "1-0"]
[WhiteElo "1605"]
[BlackElo "1605"]
[PlyCount "81"]
[EventDate "1993.??.??"]

1. e4 e5 2. Nf3 Nc6 3. Bb5 a6 4. Ba4 Nf6 5. O-O b5 6. Bb3 Be7 7. Re1 O-O 8. c3
Nb8 9. Nxe5 d6 10. Nf3 Bg4 11. d4 Nbd7 12. h3 Bxf3 13. Qxf3 h6 14. Nd2 Re8 15.
Nf1 Nf8 16. Ng3 N8h7 17. Nf5 Ng5 18. Bxg5 hxg5 19. Rad1 Nh7 20. Qh5 Rf8 21. e5
d5 22. Nxe7+ Qxe7 23. Bxd5 Rab8 24. Re3 Rb6 25. Rg3 Rh6 26. Qg4 g6 27. e6 f5
28. Qe2 Nf6 29. Bb3 Nh5 30. Rxg5 Qxg5 31. e7+ Kg7 32. exf8=Q+ Kxf8 33. Re1
Qxg2+ 34. Kxg2 Nf4+ 35. Kg3 Nxe2+ 36. Rxe2 g5 37. Re5 Rf6 38. Re6 Rxe6 39. Bxe6
f4+ 40. Kg4 Ke7 41. Bc8 1-0

[Event "Eastpointe (MI Action/2/17)"]
[Site "?"]
[Date "1993.??.??"]
[Round "?"]
[White "Foord, Allan"]
[Black "Scott, A."]
[Result "1-0"]
[WhiteElo "1680"]
[BlackElo "1605"]
[PlyCount "53"]
[EventDate "1993.??.??"]

{2/(17)} 1. e4 e5 2. Nf3 d6 3. d4 Bg4 4. dxe5 Bxf3 5. Qxf3 dxe5 6. Bc4 Nf6 7.
Qb3 Qe7 8. Qxb7 Qb4+ 9. Qxb4 Bxb4+ 10. Bd2 Bc5 11. O-O O-O 12. Nc3 Nbd7 13.
Rad1 Nb6 14. Bb3 Ng4 15. Nd5 Bxf2+ 16. Rxf2 Nxf2 17. Kxf2 f5 18. Nxb6+ Kh8 19.
Nxa8 Rxa8 20. exf5 Rf8 21. g4 g6 22. Be6 gxf5 23. gxf5 Rb8 24. Rg1 h6 25. Bc3
Kh7 26. Bxe5 Rg8 27. Bxg8# 1-0

[Event "Flint (Class B/2)"]
[Site "?"]
[Date "1993.??.??"]
[Round "?"]
[White "Foord, Allan"]
[Black "Saulmon, Scott"]
[Result "0-1"]
[WhiteElo "1605"]
[BlackElo "1700"]
[PlyCount "98"]
[EventDate "1993.??.??"]

1. e4 e6 2. d4 d5 3. Nc3 Nf6 4. Bg5 Be7 5. e5 Nfd7 6. Bxe7 Qxe7 7. Bd3 c5 8.
Qg4 g6 9. Nb5 c4 10. Nd6+ Kd8 11. Be2 f6 12. f4 Nc6 13. O-O-O fxe5 14. dxe5 Nb6
15. Nxc4 Nxc4 16. Bxc4 Kc7 17. Be2 Bd7 18. Nf3 Rac8 19. Nd4 Kb8 20. h4 Nxd4 21.
Rxd4 Rxc2+ 22. Kxc2 Qc5+ 23. Kd3 Rc8 24. Rd1 Qb5+ 25. Ke3 Qxb2 26. R1d2 Qc1 27.
Bd3 Qg1+ 28. Ke2 Qxd4 29. Bxg6 Bb5+ 30. Bd3 Bxd3+ 31. Rxd3 Rc2+ 32. Ke1 Qa1+
33. Rd1 Qc3+ 34. Kf1 Qc4+ 35. Kg1 Qe2 36. Qxe2 Rxe2 37. a3 Re3 38. Ra1 Re4 39.
g3 Kc7 40. Kf2 Kd7 41. a4 a6 42. a5 Rc4 43. Ra3 Kc6 44. Ke3 b5 45. axb6 Kxb6
46. g4 a5 47. g5 Rc1 48. h5 Rh1 49. h6 Rh3+ 0-1

[Event "Gaylord (NMO/4/20)"]
[Site "?"]
[Date "1993.??.??"]
[Round "?"]
[White "Foord, Allan"]
[Black "Rostrom, Richard"]
[Result "0-1"]
[WhiteElo "1615"]
[BlackElo "1685"]
[PlyCount "66"]
[EventDate "1993.??.??"]

{4/(20)} 1. e4 c5 2. Nf3 d6 3. d4 cxd4 4. Nxd4 Nf6 5. Nc3 g6 6. Be3 Bg7 7. f3
O-O 8. Qd2 Re8 9. Bc4 Bd7 10. O-O-O Nc6 11. h4 Rc8 12. Bb3 Na5 13. g4 Nc4 14.
Bxc4 Rxc4 15. h5 Nxg4 16. fxg4 Bxg4 17. hxg6 fxg6 18. Rdg1 Bd7 19. Nde2 Qa5 20.
Qd5+ Qxd5 21. exd5 Rec8 22. Kd2 b5 23. a3 a5 24. Rc1 b4 25. axb4 axb4 26. Na2
Bxb2 27. Rcf1 Rxc2+ 28. Ke1 Bb5 29. Rh2 Be5 30. Nxb4 Bxh2 31. Nxc2 Rxc2 32. Nd4
Bg3+ 33. Kd1 Bxf1 0-1

[Event "Gaylord (NMO/3/17)"]
[Site "?"]
[Date "1993.??.??"]
[Round "?"]
[White "Foord, Allan"]
[Black "Raftshol, W."]
[Result "0-1"]
[WhiteElo "1615"]
[BlackElo "1870"]
[PlyCount "112"]
[EventDate "1993.??.??"]

{3/(17)} 1. e4 e5 2. Nf3 f5 3. d4 fxe4 4. Nxe5 Nf6 5. Bg5 d6 6. Nc4 Be7 7. Nc3
Nc6 8. d5 Nxd5 9. Qxd5 Bxg5 10. Qxe4+ Qe7 11. Bd3 Qxe4+ 12. Bxe4 Be6 13. Nd5
O-O-O 14. O-O Nd4 15. Nce3 Ne2+ 16. Kh1 c6 17. Nb4 d5 18. Bf5 Nd4 19. Bxe6+
Nxe6 20. Ng4 Rhf8 21. Rae1 Rde8 22. Nd3 Nd4 23. c3 Nf5 24. f4 Bh4 25. Rxe8+
Rxe8 26. Nge5 Bf6 27. Re1 h5 28. Kg1 Kc7 29. Kf2 b6 30. h3 c5 31. g4 Bh4+ 32.
Kf3 Bxe1 33. Nxe1 hxg4+ 34. hxg4 Nh4+ 35. Kf2 Re6 36. Nc2 Ng6 37. Nd3 Re4 38.
Kf3 c4 39. Ndb4 Rxf4+ 40. Kg3 Kd6 41. Ne3 Re4 42. Nbxd5 Re5 43. Nxc4+ Kxd5 44.
Nxe5 Kxe5 45. Kf3 Nf4 46. Ke3 g5 47. c4 Ne6 48. b4 Nd4 49. Kd3 Nf3 50. c5 bxc5
51. bxc5 Nd4 52. Kc4 a6 53. a3 Nc6 54. a4 Ke4 55. Kc3 Kd5 56. Kd3 Ne5+ 0-1

[Event "Flint (Class B/5)"]
[Site "?"]
[Date "1993.??.??"]
[Round "?"]
[White "Foord, Allan"]
[Black "McGrath, Michael"]
[Result "0-1"]
[WhiteElo "1605"]
[BlackElo "1615"]
[PlyCount "63"]
[EventDate "1993.??.??"]

1. e4 e5 2. Nf3 d6 3. d4 exd4 4. Nxd4 g6 5. Bc4 Bg7 6. Qf3 Nf6 7. h3 Nbd7 8.
Bb3 O-O 9. O-O Nc5 10. Bg5 Ncxe4 11. Be3 Nc5 12. Bc4 Nfd7 13. Nc3 Ne5 14. Qe2
Nxc4 15. Qxc4 b6 16. Qd5 Bb7 17. Qg5 Bf6 18. Qf4 Ne6 19. Nxe6 fxe6 20. Qc4 d5
21. Qg4 e5 22. Qe6+ Kg7 23. Rad1 c6 24. Ne4 Qe7 25. Qxe7+ Bxe7 26. Ng3 c5 27.
c3 Rf7 28. f3 Raf8 29. Ne2 Ba6 30. Rd2 d4 31. cxd4 exd4 32. Bf2 0-1

[Event "Flint (MI Senior/4)"]
[Site "?"]
[Date "1993.??.??"]
[Round "?"]
[White "Foord, Allan"]
[Black "Jointer, William"]
[Result "0-1"]
[WhiteElo "1605"]
[BlackElo "1720"]
[PlyCount "82"]
[EventDate "1993.??.??"]

1. e4 c5 2. Nf3 Nc6 3. d4 cxd4 4. Nxd4 g6 5. Be3 Bg7 6. Nc3 Nf6 7. f3 O-O 8.
Qd2 Re8 9. O-O-O d5 10. Nxc6 bxc6 11. exd5 cxd5 12. Bb5 e6 13. Bxe8 Nxe8 14. h4
Nd6 15. b3 Qa5 16. Bd4 e5 17. Bf2 d4 18. Na4 Qc7 19. g4 Bd7 20. Qb4 Rc8 21. Rd2
a5 22. Qb6 Bxa4 23. Qxc7 Rxc7 24. bxa4 Nc4 25. Rd3 Bf8 26. Rb3 Na3 27. Rb2 d3
28. Bb6 Rc8 29. Rh2 Nc4 30. Rb5 Ba3+ 31. Kd1 Nb2+ 32. Rxb2 Bxb2 33. c4 Rc6 34.
c5 f5 35. gxf5 gxf5 36. Rg2+ Kf7 37. Rg5 Kf6 38. Rg2 e4 39. fxe4 fxe4 40. Rg4
e3 41. Rg1 e2+ 0-1

[Event "Troy (TCC/B/5/6)"]
[Site "?"]
[Date "1993.??.??"]
[Round "?"]
[White "Foord, Allan"]
[Black "Jointer, William"]
[Result "1-0"]
[WhiteElo "1605"]
[BlackElo "1720"]
[PlyCount "136"]
[EventDate "1993.??.??"]

{5/(6)} 1. e4 g6 2. d4 Bg7 3. f4 d6 4. Nf3 Nf6 5. Bd3 O-O 6. Be3 Ng4 7. Bd2 c5
8. h3 Nh6 9. c3 a6 10. a4 f5 11. Qb3+ Kh8 12. O-O Nc6 13. Be3 Na5 14. Qa2 fxe4
15. Bxe4 c4 16. Nbd2 Bf5 17. Bd5 Bd3 18. Ng5 Qd7 19. Rfe1 Rf6 20. Nxc4 Nxc4 21.
Bxc4 Bxc4 22. Qxc4 d5 23. Qd3 Nf5 24. Bf2 Raf8 25. Qe2 Re8 26. Ne6 Nd6 27. Bh4
Rf7 28. Nxg7 Rxg7 29. Qe6 Qc6 30. Re5 Nf5 31. Qxc6 bxc6 32. Bf6 Nd6 33. Bxg7+
Kxg7 34. Rae1 Kf7 35. Re6 a5 36. g4 Nc4 37. Rxc6 Nxb2 38. Ra1 h6 39. Rc5 Nd3
40. Rxd5 Nxf4 41. Rf1 g5 42. Rxa5 Kg6 43. Kh2 Rc8 44. Rc5 Rb8 45. Rb5 Rc8 46.
Rc1 e6 47. a5 Ne2 48. Rc2 Nxd4 49. cxd4 Rxc2+ 50. Kg3 Rc3+ 51. Kg2 Rc4 52. a6
Rxd4 53. Ra5 Rd2+ 54. Kf3 Rd3+ 55. Ke4 Rxh3 56. a7 Rh4 57. a8=Q Rxg4+ 58. Ke5
Kh5 59. Qe8+ Kh4 60. Ra1 Rf4 61. Rh1+ Kg3 62. Qh5 Rh4 63. Rxh4 gxh4 64. Qg6+
Kh2 65. Kf4 e5+ 66. Kf3 e4+ 67. Kf2 e3+ 68. Kxe3 h3 1-0

[Event "Eastpointe (MI Action/4/17)"]
[Site "?"]
[Date "1993.??.??"]
[Round "?"]
[White "Foord, Allan"]
[Black "Dowling, Ji"]
[Result "0-1"]
[WhiteElo "1680"]
[BlackElo "1605"]
[PlyCount "54"]
[EventDate "1993.??.??"]

{4/(17)} 1. e4 e6 2. d4 d5 3. exd5 exd5 4. c4 Nf6 5. Nc3 c6 6. Bd3 g6 7. Bg5
Bg7 8. cxd5 cxd5 9. Qa4+ Nc6 10. Nf3 O-O 11. O-O a6 12. Rfe1 Re8 13. Rxe8+ Qxe8
14. Re1 Be6 15. Bxf6 Bxf6 16. Nxd5 b5 17. Qd1 Qd8 18. Nxf6+ Qxf6 19. Be4 Bd7
20. Ne5 Rd8 21. Nxd7 Rxd7 22. Qc2 Nxd4 23. Qc8+ Rd8 24. Qc3 Ne2+ 25. Kf1 Nxc3
26. bxc3 Qxc3 27. Bf3 Qc4+ 0-1

[Event "Eastpointe (MI Action/6/16)"]
[Site "?"]
[Date "1993.??.??"]
[Round "?"]
[White "Foord, Allan"]
[Black "Davis, Victor"]
[Result "1/2-1/2"]
[WhiteElo "1680"]
[BlackElo "1605"]
[PlyCount "87"]
[EventDate "1993.??.??"]

{6/(16)} 1. e4 d6 2. d4 Nf6 3. Bd3 g6 4. c4 Bg7 5. Be3 O-O 6. Nf3 Bg4 7. h3
Bxf3 8. Qxf3 c6 9. Nc3 Nbd7 10. O-O c5 11. Rad1 Ne8 12. dxc5 Nxc5 13. Bc2 Qb6
14. Na4 Qb4 15. Nxc5 dxc5 16. b3 Qc3 17. Bb1 b6 18. Rd7 e6 19. Rfd1 Qf6 20.
Qxf6 Nxf6 21. Rb7 Rfb8 22. Rxb8+ Rxb8 23. e5 Ne8 24. f4 f6 25. exf6 Nxf6 26. g4
Rf8 27. g5 Nh5 28. Rf1 Bd4 29. Bxd4 cxd4 30. Be4 Rxf4 31. Rxf4 Nxf4 32. h4 Ne2+
33. Kf2 Nc1 34. Bb1 Kf7 35. Kf3 e5 36. Ke4 d3 37. Bxd3 Nxd3 38. Kxd3 Ke6 39.
Ke4 a6 40. b4 Kd6 41. a3 a5 42. bxa5 bxa5 43. a4 Kc5 44. Kxe5 1/2-1/2

[Event "Gaylord (NMO/1/3)"]
[Site "?"]
[Date "1993.??.??"]
[Round "?"]
[White "Foord, Allan"]
[Black "Bailey, Greg"]
[Result "0-1"]
[WhiteElo "1615"]
[BlackElo "2060"]
[PlyCount "80"]
[EventDate "1993.??.??"]

{1/(3)} 1. e4 d6 2. d4 Nf6 3. Bd3 e5 4. Be3 exd4 5. Bxd4 Nc6 6. Bc3 Ne5 7. Nd2
Nxd3+ 8. cxd3 Be7 9. Ngf3 O-O 10. O-O Nd7 11. d4 c5 12. Qb3 Qb6 13. Rac1 Qxb3
14. Nxb3 b6 15. e5 c4 16. exd6 Bxd6 17. Nbd2 b5 18. Rfe1 Nf6 19. Ne4 Nxe4 20.
Rxe4 Bf5 21. Ree1 f6 22. a3 Kf7 23. h3 Bd3 24. Nd2 a5 25. Ne4 Bf4 26. Bd2 Bxd2
27. Nxd2 Rfe8 28. Re3 Rxe3 29. fxe3 Ke6 30. Kf2 Kd5 31. b3 Rc8 32. bxc4+ bxc4
33. Nb1 Bxb1 34. Rxb1 c3 35. Ke2 Kc4 36. Rb7 c2 37. Kd2 Kd5 38. Kc1 Ke4 39.
Re7+ Kd3 40. d5 Rb8 0-1